Corporate finance and investment : (Record no. 60899)
[ view plain ]
| 000 -LEADER | |
|---|---|
| fixed length control field | 00959nam a2200289 a 4500 |
| 001 - CONTROL NUMBER | |
| control field | 60899 |
| 003 - CONTROL NUMBER IDENTIFIER | |
| rucl marc code | BD-RjUL |
| 005 - DATE AND TIME OF LATEST TRANSACTION | |
| control field | 20211209080908.0 |
| 008 - FIXED-LENGTH DATA ELEMENTS--GENERAL INFORMATION | |
| fixed length control field | 170104r19991996enka 001 0 eng d |
| 020 ## - INTERNATIONAL STANDARD BOOK NUMBER | |
| International Standard Book Number | 8120313690 |
| 035 ## - SYSTEM CONTROL NUMBER | |
| System control number | (BD-RjUL)61023 |
| 040 ## - CATALOGING SOURCE | |
| Original cataloging agency | BD-RjUL |
| Language of cataloging | eng |
| Transcribing agency | BD-RjUL |
| Modifying agency | BD-RjUL |
| 041 ## - LANGUAGE CODE | |
| Language code of text/sound track or separate title | eng |
| 082 ## - DEWEY DECIMAL CLASSIFICATION NUMBER | |
| Edition number | 23 |
| Classification number | 658.150941 |
| Author mark and year | PIC 1999 |
| 100 1# - MAIN ENTRY--PERSONAL NAME | |
| Personal name | Pike, Richard |
| Fuller form of name | (Richard H.) |
| 9 (RLIN) | 181567 |
| 245 10 - TITLE STATEMENT | |
| Title | Corporate finance and investment : |
| Remainder of title | decisions and strategies / |
| Statement of responsibility, etc. | Richard Pike and Bill Neale |
| 250 ## - EDITION STATEMENT | |
| Edition statement | 2nd ed. |
| 260 ## - PUBLICATION, DISTRIBUTION, ETC. (IMPRINT) | |
| Place of publication, distribution, etc. | London : |
| Name of publisher, distributor, etc. | Prentice Hall Europe, |
| Date of publication, distribution, etc. | c1996 [Reprinted 1999] |
| 300 ## - PHYSICAL DESCRIPTION | |
| Pagination | xx, 765 p : |
| Illustrations | ill ; |
| Size | 25 cm. |
| 500 ## - GENERAL NOTE | |
| General note | Previous ed.: 1996. |
| 504 ## - BIBLIOGRAPHY, ETC. NOTE | |
| Bibliography, etc | Includes bibliographical references. |
| 650 #0 - SUBJECT ADDED ENTRY--TOPICAL TERM | |
| Topical term or geographic name as entry element | Corporations |
| Geographic subdivision | Europe |
| General subdivision | Finance. |
| 9 (RLIN) | 181568 |
| Topical term or geographic name as entry element | Corporations |
| Geographic subdivision | Great Britain |
| General subdivision | Finance. |
| 9 (RLIN) | 180569 |
| Topical term or geographic name as entry element | Investments |
| Geographic subdivision | Great Britain. |
| 9 (RLIN) | 181569 |
| 700 1# - ADDED ENTRY--PERSONAL NAME | |
| Personal name | Neale, Bill. |
| 942 ## - ADDED ENTRY ELEMENTS (KOHA) | |
| Source of classification or shelving scheme | Dewey Decimal Classification |
| Koha item type | Books |
| Lost status | Source of classification or shelving scheme | Damaged status | Not for loan | Collection code | Permanent Location | Current Location | Shelving location | Date acquired | Source of acquisition | Cost, normal purchase price | Total Checkouts | Full call number | Date last seen | Copy number | Koha item type |
|---|---|---|---|---|---|---|---|---|---|---|---|---|---|---|---|
| Dewey Decimal Classification | Not For Loan | Non-fiction | Central Library, University of Rajshahi | Central Library, University of Rajshahi | Reading Room | 09/05/2007 | Paragon Enterprise Ltd., Dhaka | 275.00 | 658.150941 PIC 1999 | 04/01/2017 | C-1 | Books |